[Event "Romanian Team Rapid Open 2022"]
[Site "Sebes"]
[Date "2022.12.03"]
[Round "4.26"]
[White "Creanga, Robert-Ionut"]
[Black "Arion, Ilie"]
[Result "1-0"]
[WhiteElo "2190"]
[BlackElo "1924"]
[Annotator "TA"]
[PlyCount "53"]
[EventDate "2022.12.03"]
[EventType "rapid"]
[EventCountry "ROU"]
[SourceTitle "playchess.com"]
[Source "ChessBase"]
[SourceQuality "1"]

{[%evp 9,53,32,52,65,45,67,62,22,23,0,6,10,65,38,79,76,66,78,166,70,137,128,125,120,130,137,258,265,307,275,425,294,440,444,417,352,331,329,275,262,275,267,1225,1271,29996,29997]} 1. d4 Nf6 2. c4 {[%cal Bc2c4,Bc4b5,Bb5a6][%mdl 32]} c5 3. d5 b5 4. cxb5 a6 5. bxa6 g6 {[%cal Of8g7]} 6. Nc3 {A58: Benko/Volga Gambit: Lines with 5 bxa6.} Bg7 {[%cal Oe8g8]} 7. e4 {Threatens to win with e5.} O-O {[%cal Oe7e6]} 8. e5 {[#] Inhibits e6. a7 is the strong threat. White is slightly better.} Ne8 {[%cal Od7d6] Against a7} 9. h4 $1 {next Nf3 is good for White. The main line 9.h4 scores better than 9.Nf3.} Bxe5 10. Bh6 Bg7 {Inhibits a7.} (10... Ng7 $11) 11. Qd2 $1 $14 (11. Bxg7 $6 Nxg7 12. h5 gxh5 $11) 11... Nf6 {[%cal Og7h6] [#] Prevents h5.} 12. Bxg7 $146 {Black is now going downhill.} ({Predecessor:} 12. h5 Bxh6 13. Qxh6 gxh5 14. g4 Bxa6 15. g5 Bxf1 16. gxf6 exf6 17. Kxf1 Qb6 18. Nge2 Qxb2 19. Rg1+ {1-0 (19) Shuvalov,E (2149)-Hon,E (1866) Chess.com INT 2022}) 12... Kxg7 13. h5 d6 (13... Bxa6 $16 14. hxg6 fxg6) 14. f3 (14. hxg6 $18 fxg6 15. Qh6+ Kg8 16. Bd3) 14... Nbd7 (14... Nxa6 $14 15. hxg6 fxg6) 15. hxg6 $16 fxg6 16. Nh3 {White is more active.} Ne5 {[%cal Of6h5]} 17. Ng5 $36 {[%cal Og5h7][%mdl 2048] Black must now prevent Nxh7! White has strong initiative.} Bf5 (17... Rh8 $16) 18. O-O-O $18 (18. Ne6+ Bxe6 19. dxe6 c4 $14) 18... Rh8 19. f4 {Inhibits c4.} ({Weaker is} 19. Ne6+ Bxe6 20. dxe6 h6 $16) 19... Nf7 (19... Neg4 {is a better defense.} 20. Re1 Rg8) 20. Bd3 {[#] aiming for Bxf5.} Bc8 (20... Nxg5 $142 21. Bxf5 (21. fxg5 Ng4 $18) 21... Nf3 22. gxf3 gxf5 23. Rdg1+ (23. Qh2 Rg8 $16) 23... Kf7) 21. Ne6+ Bxe6 22. dxe6 Nh6 23. f5 Nhg4 24. Rdf1 d5 25. fxg6 {The board is on fire.} hxg6 (25... h5 26. Ne2 (26. Qg5 c4 $16) 26... Qd6) 26. Qg5 Rxh1 27. Qxg6+ {Weighted Error Value: White=0.21 (precise) /Black=0.68} 1-0

[Event "Romanian Team Rapid Open 2022"]
[Site "Sebes"]
[Date "2022.12.03"]
[Round "4.27"]
[White "Craciun, Ovidiu"]
[Black "Butolo, Alexandru-Mircea"]
[Result "1-0"]
[WhiteElo "1857"]
[BlackElo "2043"]
[Annotator "TA"]
[PlyCount "53"]
[EventDate "2022.12.03"]
[EventType "rapid"]
[EventCountry "ROU"]
[SourceTitle "playchess.com"]
[Source "ChessBase"]
[SourceQuality "1"]

{[%evp 11,52,18,32,38,20,-82,74,-10,-12,-21,-19,-20,22,23,28,16,39,33,158,158,579,587,574,584,580,563,552,543,1672,1637,29996,29997,29997,29994,29998,29995,29995,29991,29991,29992,29992,29993,29999]} 1. e4 c5 2. Nf3 Nc6 3. d4 cxd4 4. Nxd4 Nf6 5. Nc3 e6 6. Ndb5 Bc5 (6... Bb4 {simplifies} 7. a3 Bxc3+ 8. Nxc3 d5) 7. Nd6+ {B45: Sicilian Four Knights.} Ke7 8. Nc4 (8. Bf4 $11) 8... b5 $2 {[#]} (8... d5 $17 {and life is bright.} 9. Nd2 (9. exd5 exd5 10. Na3 d4 $17) 9... d4) 9. Nxb5 (9. Be3 $1 $16 {[%cal Re3c5]} Bb4 10. Nd2) 9... Nxe4 $11 10. Be3 Bxe3 11. Nxe3 {[#]} Ba6 $146 {[#] White must now prevent ...Bxb5.} ({Predecessor:} 11... Qa5+ 12. c3 a6 13. Nd4 Bb7 14. Nxc6+ Bxc6 15. Bd3 Rhb8 16. Bxe4 Bxe4 17. b4 Qe5 {0-1 (48) Lebedev,A (1901)-Sawlin,L (2405) Chess.com INT 2022}) 12. a4 {Strongly threatening f3.} d5 13. Bd3 $36 {[%mdl 2048] Black should prevent Bxe4. White has good play.} Nc5 14. O-O Nxd3 (14... Kf8 $14) 15. Qxd3 $16 {Threatens to win with Qc3.} g6 $2 {A mistake that costs the game.} (15... Kf8 $16 {is more resistant.} 16. Rfd1 Bb7) 16. Qa3+ $18 Kf6 17. Qc3+ d4 18. Qxc6 Bxb5 19. Ng4+ (19. Qxb5 dxe3 20. fxe3+ Kg7 $18) 19... Kg5 20. Qxb5+ Kxg4 21. f3+ {White mates.} Kh4 22. g3+ Kh3 23. Rf2 {[%cal Rb5f1]} d3 24. Rd1 Rb8 25. Qc4 {[%csl Gf3][%cal Rc4g4]} ({And not} 25. Qxd3 Qxd3 26. cxd3 Rb4 $11) 25... f5 26. Rxd3 ({Weaker is} 26. Qxe6 dxc2 27. Rdf1 (27. Rxd8 {leads to mate.} c1=Q+) 27... Qd4 $11) 26... Qc8 27. Qh4# {Weighted Error Value: White=0.12 (very precise) /Black=0.59} 1-0

[Event "Romanian Team Rapid Open 2022"]
[Site "Sebes"]
[Date "2022.12.03"]
[Round "4.28"]
[White "Prelipcean, Eric-Matei"]
[Black "Stefan, Iulia-Cristiana"]
[Result "0-1"]
[WhiteElo "1909"]
[BlackElo "1662"]
[Annotator "TA"]
[PlyCount "107"]
[EventDate "2022.12.03"]
[EventType "rapid"]
[EventCountry "ROU"]
[SourceTitle "playchess.com"]
[Source "ChessBase"]
[SourceQuality "1"]

{[%evp 9,107,28,35,18,11,8,8,-9,0,-28,-35,-102,-52,-76,-27,-27,-22,-25,-19,-56,-29,-39,-38,-43,0,0,0,0,0,-57,-64,-64,-62,-82,-73,-79,-74,-79,-77,-79,-78,-84,-73,-85,0,-55,-62,-100,0,-112,-114,-97,-64,-70,-58,-51,-38,-75,-52,-616,-600,-649,-654,-610,-118,-112,-131,-480,-441,-450,0,0,0,-536,-509,-591,-489,-742,-737,-748,-743,-763,-703,-788,-634,-575,0,-829,-586,-759,-744,-29969,-29973,-29993,-29994,-29994,-29995,-29996,-732,-732]} 1. e4 Nc6 2. d4 {[%cal Bd2d4,Bd4d5][%mdl 32]} e5 3. d5 Nce7 4. c4 Ng6 5. Nc3 Bc5 6. a3 {A40: Unusual replies to 1 d4.} a5 {[#]} 7. Na4 $146 ({Predecessor:} 7. g3 d6 8. Bg2 Nf6 9. Nf3 O-O 10. O-O c6 11. Ne1 Bg4 12. Qb3 Qd7 13. Nd3 Bd4 {0-1 (26) Li,R (2372)-Venkatesh,M (2451) Doha 2015}) 7... Ba7 8. c5 {The position is equal.} d6 9. Be3 {[%cal Oh2h4]} Nf6 10. Bd3 (10. Qc2 $15) 10... Ng4 (10... Nh4 $17 11. Kf1 dxc5) 11. Bd2 Bxc5 (11... Qh4 12. Bb5+ (12. Bxa5 $2 Qxf2#) (12. g3 Qd8 $11) 12... c6 13. g3 $11) (11... dxc5 $17 12. Bc4 f5) 12. Nxc5 $11 dxc5 13. f3 Nf6 14. Ne2 O-O 15. Be3 b6 16. O-O Nh5 17. Qd2 Ba6 18. Bxa6 Rxa6 19. g4 (19. b4 $11) 19... Nf6 $15 {[%cal Bh5f6,Bf6e8,Be8d6,Bd6c4][%mdl 32]} 20. Ng3 {[%cal Oh2h4]} Ne8 $1 21. Qe2 Ra8 22. Nf5 {[%cal Ob2b4]} Nd6 23. Kh1 Qd7 24. Rg1 Qb5 25. Qg2 Nc4 26. Bc1 Nf4 (26... Kh8 $17) 27. Bxf4 (27. Qc2 $1 $11 Ng6 28. h4) 27... exf4 28. Rab1 Qb3 ({Better is} 28... Ne5 $17) 29. Rge1 (29. Rbc1 $11 {keeps the balance.}) 29... Ne5 $36 {[%mdl 2048] Black is on the roll.} 30. Rf1 g6 31. Nh6+ Kg7 (31... Kh8 {simplifies} 32. g5 c6 33. dxc6 Rac8) 32. g5 Rad8 33. Qh3 c6 34. Nf5+ $2 {[%mdl 8192]} gxf5 $19 {Active counter play!} 35. Qh6+ Kg8 36. exf5 f6 $2 (36... Nxf3 $2 37. f6 cxd5 38. Qg7#) (36... Qc2 $19 37. f6 Qg6 38. dxc6 Qxh6 39. gxh6 Nxc6) 37. gxf6 $17 {[%csl Gf6][%cal Rh6g7] [#]} Rf7 {Inhibits Qg7+.} (37... Nxf3 $2 38. Qg7#) 38. Rg1+ $2 {[%mdl 8192]} (38. Rf2 $17 {was the crucial defense.} Nxf3 39. Rbf1) 38... Kh8 $19 39. Rbf1 {Threatening mate with Rg7.} Rg8 {Prevents Rg7.} (39... Qxd5 40. Rg7 (40. Qxf4 $2 Nd3 $19) (40. Qxf4 $2 Nd3 $19)) (39... Qd3 $19 40. dxc6 Nxc6 41. Qxf4 Rxf6) 40. Rxg8+ $11 Kxg8 {Chess con chili.} 41. Qxf4 $2 {[%mdl 8192]} (41. dxc6 $11 Qd3 42. Rg1+ Kh8 43. c7 Qxf3+ 44. Rg2 Qf1+ 45. Rg1) 41... Qxd5 $19 (41... Qxb2 {is a self mate.} 42. Rg1+ Kf8 43. dxc6 Ke8 44. Rg8+ Rf8 45. Rxf8+ Kxf8 46. c7 Qb1+ 47. Kg2) 42. Rg1+ Kh8 43. Rg3 (43. Re1 $142 Nd7 44. Re8+ Nf8 45. Kg2) 43... Rxf6 {[%cal Oe5g6]} 44. Qg5 Qf7 (44... Nxf3 $2 45. Qxf6#) ({Don't go for} 44... Qd1+ $2 45. Kg2 Qe2+ 46. Kh3 Qf1+ 47. Kh4 Qc4+ 48. f4 Ng6+ 49. fxg6 Rxf4+ 50. Kh3 Qe6+ 51. Kg2 Qd5+ 52. Qxd5 cxd5 53. gxh7 $19) 45. f4 Nd7 ({Not} 45... Rxf5 46. Qd8+ Qf8 47. Qxf8+ Rxf8 48. fxe5 $19) 46. Kg2 Qd5+ 47. Kf2 {[%csl Gg3][%cal Rg5g7]} Qf7 {Prevents Qg7+.} (47... Rxf5 $2 48. Qg7#) (47... Qd4+ $19 48. Kf1 Qc4+ 49. Kf2 Qf7) 48. Rd3 $2 {[%mdl 8192]} (48. Kg2 $11 Rxf5 49. Qd8+ Nf8 50. h3) 48... Nf8 49. Rd8 Rxf5 50. Qh6 Rxf4+ 51. Kg3 Rf3+ 52. Kh4 Qe7+ 53. Qg5 Qxg5+ (53... Rf4+ $142 54. Kh5 Qf7+ 55. Kh6 {[#]} Rh4+ $3 {[%mdl 512]} 56. Qxh4 Qg6#) 54. Kxg5 {Weighted Error Value: White=0.67/Black=0.50} 0-1

[Event "Romanian Team Rapid Open 2022"]
[Site "Sebes"]
[Date "2022.12.03"]
[Round "4.29"]
[White "Stanca, Adrian"]
[Black "Saioc, David"]
[Result "1/2-1/2"]
[WhiteElo "2182"]
[BlackElo "2026"]
[Annotator "TA"]
[PlyCount "37"]
[EventDate "2022.12.03"]
[EventType "rapid"]
[EventCountry "ROU"]
[SourceTitle "playchess.com"]
[Source "ChessBase"]
[SourceQuality "1"]

{[%evp 11,37,-3,19,-16,-8,-15,-13,-6,-11,-10,0,-11,-14,-13,-11,-6,-13,-20,-16,-18,-16,-25,-18,-20,-18,-41,0,-33]} 1. Nf3 Nf6 2. g3 b6 3. Bg2 Bb7 4. O-O g6 5. d3 Bg7 6. e4 d6 {[#]} 7. e5 $146 {A05: Réti Opening: 1 Nf3 Nf6.} ({Predecessor:} 7. c4 O-O 8. Nc3 e5 9. Ne1 Nbd7 10. f4 exf4 11. Bxf4 Nh5 12. Be3 Ne5 13. Kh1 Qd7 14. Nf3 f5 15. Nxe5 Bxe5 16. exf5 Bxg2+ 17. Kxg2 Rxf5 18. Rxf5 Qxf5 {0-1 (54) Shimanov,A (2597)-Praggnanandhaa,R (2608) Chess.com INT 2020}) 7... dxe5 8. Nxe5 Bxg2 9. Kxg2 O-O {[%cal Bh8f8,Bf8d8,Bd8d5][%mdl 32]} (9... Qd5+ {simplifies} 10. Qf3 Qxf3+ 11. Nxf3 c5) 10. Qf3 Qd5 11. Nc3 Qxf3+ 12. Nxf3 c5 13. Re1 Nc6 14. Bf4 Rfd8 15. a3 Nd5 16. Nxd5 Rxd5 17. Rab1 e6 18. h4 h5 19. Bd2 {A balanced but interesting game.   Weighted Error Value: White=0.09 (flawless) /Black=0.06 (flawless)} 1/2-1/2

[Event "Romanian Team Rapid Open 2022"]
[Site "Sebes"]
[Date "2022.12.03"]
[Round "4.30"]
[White "Tariceanu, Victor"]
[Black "Coicev, Matei-Andrei"]
[Result "1/2-1/2"]
[WhiteElo "1720"]
[BlackElo "2009"]
[Annotator "TA"]
[PlyCount "85"]
[EventDate "2022.12.03"]
[EventType "rapid"]
[EventCountry "ROU"]
[SourceTitle "playchess.com"]
[Source "ChessBase"]
[SourceQuality "1"]

{[%evp 15,85,0,15,-12,-17,-32,-4,-10,-7,-81,-81,-76,-18,-44,-16,-20,-8,-54,-39,-87,-79,-83,-96,-92,-103,-106,-89,-95,-102,-143,-97,-104,-95,-182,-127,-139,-63,-193,-107,-105,-114,-104,-107,-165,-164,-172,-114,-186,-187,-192,-183,-183,-183,-185,-183,-160,-8,-31,1,-8,167,169,2359,2119,29974,0,29976,29977,29977,29978,29978,29977]} 1. e4 c5 2. g3 Nc6 3. Bg2 g6 4. Ne2 Bg7 5. c3 e5 6. O-O Nge7 7. d3 O-O 8. Be3 d6 (8... b6 $5 {[%cal Rd7d5]}) 9. Nd2 {B20: Sicilian: Unusual White 2nd moves.} b6 10. c4 {Against d5} f5 {[#]} 11. a3 $146 {The position is equal.} ({Predecessor:} 11. exf5 gxf5 12. Bg5 Bb7 13. Nc3 Qd7 14. Nd5 Ng6 15. Qh5 Nd4 16. Nf3 Bxd5 17. cxd5 {½-½ (31) Jansen,C (2263)-Jens,J (2379) Kallithea 2008}) 11... Rb8 12. Qc2 (12. b4 $11 {keeps the balance.}) 12... Nd4 $17 13. Bxd4 exd4 ({Black should play} 13... cxd4 $17 14. Rae1 Kh8) 14. f4 fxe4 15. dxe4 Be6 16. Qd3 (16. Rae1 $11) 16... Qd7 17. Rfe1 (17. Rae1 $15) 17... b5 (17... a6 {simplifies} 18. b4 b5 19. bxc5 dxc5 20. Rac1 bxc4 21. Rxc4 Rfc8) 18. b3 bxc4 19. bxc4 Rb2 20. Reb1 Rfb8 21. Rxb2 Rxb2 22. Rb1 Qb7 (22... Rxb1+ $142 23. Qxb1 Qa4) 23. Rxb2 Qxb2 24. h3 (24. h4 $17) 24... Bd7 (24... Nc8 $19 25. Bf1 Bf7) 25. Nf3 Ba4 (25... Nc8 $17 26. f5 Nb6 27. fxg6 hxg6) 26. Ne1 (26. e5 $15) 26... Qb3 (26... Bb3 $19 27. h4 Ba2) 27. Nc1 Qc3 28. Qxc3 dxc3 29. Ned3 (29. Kf2 $17) 29... Bd4+ $19 30. Kf1 Nc6 (30... Kg7 $19 {aiming for ...Nc8.} 31. Ke2 Nc8) 31. e5 (31. Ke2 $17 {was worth a try.}) 31... dxe5 32. Bxc6 Bxc6 33. Nxe5 Bxe5 34. fxe5 {[%mdl 4096] Endgame KB-KN} Bd7 35. Ke2 Bf5 $2 ({Black should try} 35... Bxh3 $17 {Threatens to win with ...h5.} 36. Kd3 h5) 36. g4 {[%cal Bg3g4,Bg4g5][%mdl 32] Inhibits h5.} (36. Nb3 {simplifies} Bxh3 37. Kd3 h5 38. Kxc3 g5 39. Nxc5 h4 40. gxh4 gxh4 41. Nd3) 36... Be4 37. Ke3 {Prevents g5.} Bb1 (37... Bg2 $11 {and Black stays safe.}) 38. Ne2 $18 c2 (38... Ba2) 39. Nc1 $1 {Intending g5 and mate.} Kf7 40. Kf4 $2 (40. g5 {mates} Ke7 41. Kd3 Kd7 42. Ke4 Kc6 43. a4 Kc7 44. Kd5 Kb6 45. h4) 40... Ke6 $2 {[%mdl 8192] [#]} (40... h6 $11) 41. g5 $1 {White mates.} Ke7 42. Ke4 Ke6 {[#]} 43. a4 $1 {[%mdl 32768] Weighted Error Value: White=0.33/Black=0.75. An unexpected result.} 1/2-1/2

[Event "Romanian Team Rapid Open 2022"]
[Site "Sebes"]
[Date "2022.12.03"]
[Round "4.31"]
[White "Danila, Tudor-Gabriel"]
[Black "Popescu, Alexandru-Mihai"]
[Result "1-0"]
[WhiteElo "1939"]
[BlackElo "1634"]
[Annotator "TA"]
[PlyCount "83"]
[EventDate "2022.12.03"]
[EventType "rapid"]
[EventCountry "ROU"]
[SourceTitle "playchess.com"]
[Source "ChessBase"]
[SourceQuality "1"]

{[%evp 11,83,22,57,-3,57,55,130,-42,-35,-82,-68,-69,0,0,95,-28,0,-30,-30,-40,96,-95,34,0,-10,-35,86,88,135,129,154,158,156,155,173,179,179,177,182,191,255,191,235,203,239,116,130,109,129,0,0,0,97,96,105,107,123,64,63,0,0,0,0,0,0,0,0,0,0,0,0,0,226,-299]} 1. e4 d5 2. exd5 Nf6 3. d4 Bg4 4. Nf3 Qxd5 5. Be2 Nc6 6. Be3 O-O-O (6... e5 {looks sharper.} 7. Nc3 Bb4 8. dxe5 Qxd1+ 9. Rxd1 Ne4) 7. c3 {Recently 7.c4 got a lot of attention. B01: Scandinavian Defence.} (7. Nc3 Qd7 $11) (7. Nbd2 $14) 7... Kb8 (7... e5 $11) 8. Nbd2 {[#]} (8. O-O {simplifies} e5 9. Nxe5 Nxe5 10. dxe5 Qxd1 11. Bxd1 Rxd1 12. Rxd1 Bxd1 13. exf6 gxf6 14. Nd2) 8... e5 $146 (8... Qf5 $14) ({Predecessor:} 8... e6 9. b4 Ne4 10. Nxe4 Qxe4 11. O-O f6 12. Qa4 Ne7 13. c4 Bf5 14. Rac1 Bg6 {1-0 (32) Madushanka,H (1839)-Jayasundara,P (2031) Malabe 2015}) 9. Qa4 $2 (9. dxe5 $16 Bxf3 10. Bxf3 (10. Nxf3 Ng4 $14) 10... Qxe5 11. Bxc6 bxc6 12. Qb3+ Qb5 13. Nf3 (13. Qxf7 Bc5 $11)) 9... exd4 $15 10. cxd4 (10. Nxd4 $15 {deserves consideration.} Ne5 11. O-O (11. f3 Bd7 $15)) 10... Bb4 $17 11. O-O-O Bf5 (11... Rhe8 $15 12. Bc4 Qf5 13. Bxf7 Rf8) 12. Bc4 $11 Qd7 (12... Qd6 $11 {keeps the balance.}) 13. a3 ({Better is} 13. d5 $1 $16 {[%cal Rd5c6]} Nxd5 14. Nb3) 13... Ba5 (13... Bxd2+ {simplifies} 14. Rxd2 Nd5 15. Ne5 Nxe5 16. Qxd7 Rxd7 17. dxe5 Nxe3 18. fxe3 Re7) 14. Nb3 {Prevents a6. Black must now prevent d5.} Bb6 $1 15. Nc5 Qe7 {[#]} (15... Bxc5 $15 {stays ahead.} 16. dxc5 Qe7) 16. Nh4 $2 (16. Nxb7 $1 $16 {is necessary to keep the advantage.} Kxb7 17. Ba6+ Kb8 18. Qxc6) 16... Be6 (16... Bc8 $17 {aiming for ...Ng4.} 17. Rhe1 Bxc5) 17. Nxe6 (17. Nxb7 $5 Kxb7 18. Ba6+ Kb8 19. Qxc6 $11) 17... fxe6 18. Nf3 h6 {[#]} (18... e5 $15) 19. Bb5 $1 $16 Rd6 (19... Qd6 $142) 20. Bf4 Rc8 {[%cal Of6g4]} 21. Bxd6 {White is more active.} cxd6 22. Kb1 a6 23. Bxc6 Rxc6 24. Rc1 Rxc1+ 25. Rxc1 Ne4 (25... Qf7 $142 26. Qc2 Ka7) 26. Qb4 (26. Qc2 d5 27. Qc8+ Ka7 $18) 26... Bc7 27. Qe1 d5 28. Nd2 (28. Ne5 $18 {is more deadly.}) 28... Bf4 29. Nxe4 Bxc1 30. Qxc1 (30. Kxc1 $6 dxe4 31. Qxe4 Qc7+ 32. Kd2 Qxh2 $11) (30. Nc5 $16 Bf4 31. Qxe6 Qxe6 32. Nxe6 Bxh2 33. Nxg7) 30... dxe4 {[%mdl 4096] Endgame KQ-KQ} 31. Qf4+ Ka8 (31... Qc7 $11 32. Qf8+ (32. Qxe4 Qxh2 33. Kc2 Qg1 $11) 32... Ka7) 32. Qxe4 {Threatens to win with d5.} Qf6 33. f3 Qf7 34. Kc2 (34. h4 $16) 34... Qc7+ $14 35. Kd2 (35. Kd3 $14) 35... Qxh2 $11 36. Qg4 ({But not} 36. Qxe6 Qxg2+ 37. Ke3 Qxb2 $15) 36... g5 37. Kd3 ({Much weaker is} 37. Qxe6 Qxg2+ 38. Kc1 Qxf3 $17) 37... Qd6 38. Qe4 Kb8 39. Ke3 Ka7 40. Qg6 Qf4+ 41. Kd3 Qf8 $2 (41... Qh2 $11 {and Black has nothing to worry.}) 42. g3 $4 {[%mdl 40960] Blacks defense is rewarded with a draw.   Weighted Error Value: White=0.43/Black=0.53. Loss on time!?} (42. Qxe6 $18 {is the narrow road to win.} Qg7 43. Qf5) 1-0

[Event "Romanian Team Rapid Open 2022"]
[Site "Sebes"]
[Date "2022.12.03"]
[Round "4.32"]
[White "Calugareanu, Ioana-Denisa"]
[Black "Mainescu, Andrei-Cristian"]
[Result "1/2-1/2"]
[WhiteElo "1396"]
[BlackElo "1860"]
[Annotator "NA COMBH"]
[PlyCount "57"]
[EventDate "2022.12.03"]
[EventType "rapid"]
[EventCountry "ROU"]
[SourceTitle "playchess.com"]
[Source "ChessBase"]
[SourceQuality "1"]

1. d4 Nf6 2. c4 e6 3. Bg5 Bb4+ 4. Bd2 Bxd2+ 5. Nxd2 c5 6. Ngf3 cxd4 7. Nxd4 d5 8. cxd5 Qxd5 9. N2f3 O-O 10. e3 Rd8 11. Nb5 Nc6 12. Qxd5 exd5 13. Nbd4 Bd7 14. Be2 Rac8 15. O-O a6 16. Rac1 Kf8 17. Nxc6 Bxc6 18. Nd4 Bd7 19. h3 Ke7 20. Bf3 Ne4 21. Rfd1 Rxc1 22. Rxc1 Rc8 23. Rxc8 Bxc8 24. Be2 Kd6 25. f3 Nc5 26. Kf2 g5 27. b3 f6 28. Kg3 h6 29. h4 1/2-1/2

[Event "Romanian Team Rapid Open 2022"]
[Site "Sebes"]
[Date "2022.12.03"]
[Round "7.2"]
[White "Nevednichy, Vladislav"]
[Black "Jianu, Vlad-Cristian"]
[Result "0-1"]
[WhiteElo "2499"]
[BlackElo "2516"]
[Annotator "TA"]
[PlyCount "144"]
[EventDate "2022.12.03"]
[EventType "rapid"]
[EventCountry "ROU"]
[SourceTitle "playchess.com"]
[Source "ChessBase"]
[SourceQuality "1"]

{[%evp 9,144,-15,0,-35,-25,-23,0,-43,-24,-38,-33,-45,-35,-40,-32,-49,-43,-75,-20,-21,-12,-20,0,0,0,0,0,-14,-18,-17,-3,-10,0,-16,-8,-99,-91,-141,-129,-136,-136,-139,-139,-141,-134,-139,-141,-185,-169,-163,-163,-154,-139,-322,-317,-420,-398,-446,-436,-423,-296,-286,-234,-246,-225,-225,-224,-226,-220,-300,-280,-275,-232,-209,-200,-282,-229,-270,-215,-221,-219,-218,-219,-329,-338,-472,-354,-317,-288,-564,-549,-549,-502,-576,-564,-551,-535,-714,-700,-892,-892,-892,-892,-928,-892,-868,-868,-844,-812,-1068,-1008,-1632,-1632,-1632,-1632,-1632,-1632,-1632,-1632,-1632,-1625,-1625,-1625,-1625,-1625,-1617,-1617,-1610,-1610,-1603,-1603,-1603,-1567,-1541,-1529,-1134,-1047]} 1. b4 e5 2. Bb2 Bxb4 {[%cal Bf8b4,Bb4a5,Ba5b6][%mdl 32]} 3. Bxe5 Nf6 4. e3 d5 5. Nf3 O-O 6. c3 {A00: Irregular Openings.} Ba5 7. Qa4 Nc6 8. Bf4 {[#] The position is equal.} Bb6 $146 (8... Ne4 {with more complications.} 9. Bb5 Bb6 10. d3 Nc5) ({Predecessor:} 8... Ne4 9. Bb5 Bb6 10. O-O Qf6 11. d4 Ne7 12. Be5 Qh6 13. Bd7 Ng6 14. Bxc8 Raxc8 {1-0 (32) Vidonyak,N (2255)-Gustavsson,C (2210) Germany 1999}) 9. Bg5 h6 10. Bh4 Qd6 11. Bg3 Qe7 12. Bb5 Bd7 13. Bh4 Qd6 ({Better is} 13... g5 $17 {Strongly threatening ...a6.} 14. Bg3 Ne4) 14. O-O $11 a6 (14... Ne4 {seems wilder.} 15. d3 Nc5 16. Qd1 Ne5) 15. Bxc6 Bxc6 16. Qc2 Bd7 17. d3 Bf5 18. Nbd2 Rfe8 19. Rfe1 Bg6 20. a4 (20. Red1 {looks sharper.} Ng4 21. Nb3 c5 22. c4) 20... a5 21. Rad1 Nd7 {[%cal Bf6d7,Bd7c5,Bc5a4,Ba4c5,Bc5b3][%mdl 32] next ...Qc6 is good for Black.} 22. Bg3 (22. Nb3 $1 $11 {remains equal.}) 22... Qc6 $1 $36 {[%mdl 2048] ...Nc5 is the strong threat. Black is in control.} 23. Nb1 (23. c4 $142) 23... Nc5 {Black is more active.} 24. Ne5 Qxa4 25. Qxa4 Nxa4 26. Nxg6 fxg6 27. Rd2 Nc5 28. f3 a4 29. d4 {Inhibits a3.} Nb3 30. Ra2 c5 {[%cal Rc5d4]} 31. Be5 $2 {[#] White does not recover from this.} (31. Kf2 $17) 31... cxd4 $1 $19 32. cxd4 {[#]} Nxd4 $1 {[%mdl 512]} 33. Bxd4 (33. Bg3 Nf5) 33... Bxd4 34. Kf2 Bf6 35. Na3 Re7 36. Rb1 Rc8 37. Rb4 {[#]} Rc3 $1 38. Rxa4 Rcxe3 39. Nb5 Rb3 40. Nd4 Rd3 41. Nb5 Rd1 42. g3 (42. Re2 $142) 42... Kh7 43. Rb4 Rd7 44. f4 g5 45. fxg5 Bxg5 {Threatens to win with ...d4.} 46. h4 {Prevents d4.} (46. Nc3 $142 Rd3 47. Na4) 46... Be7 47. Rbb2 d4 {[%cal Bd5d4,Bd4d3,Bd3d2][%mdl 32] aiming for ...d3.} 48. Rd2 Rb1 49. Na3 (49. Nc3 Rb6 50. Ne2) 49... Rb3 {Black is clearly winning.} 50. Nc4 Bc5 51. Ne5 d3+ 52. Kg2 Rd5 53. Nf3 b5 54. Rab2 Rxb2 55. Rxb2 {[%mdl 4096] Endgame KRB-KRN} Be3 56. Rb1 d2 57. Rd1 Rf5 {And now ...b4 would win.} 58. g4 Rf8 59. h5 Rf4 60. Kg3 Rc4 {Hoping for ...Rc1.} 61. Nxd2 Rd4 62. Rb1 Bxd2 63. Rxb5 {KRB-KR} Rd3+ 64. Kf2 Bf4 65. Rb4 Bd6 66. Rc4 Kg8 67. Ke2 Rd5 68. Kf3 Kf7 69. Ra4 Kf6 70. Ke4 Re5+ 71. Kf3 Kg5 72. Ra7 {[#]} Re3+ $3 {[%mdl 512] Weighted Error Value: White=0.39/Black=0.14 (very precise)} 0-1